Capital Cities Quiz Stats

 Plays Quiz not verified by Sporcle

Score 0/12 Timer 10:00
0 Plays Today
country city % Correct
EnglandLondon
100%
FranceParis
94.3%
SpainMadrid
93.4%
ItalyRome
93.4%
GermanyBerlin
91.5%
AmericaNew York
91.5%
RussiaMoscow
89.6%
MexicoMexico City
84%
Holland/ NetherlandsAmsterdam
80.2%
NorwayOslo
72.6%
SyriaDamascus
49.1%
Costa RicaSan Jose
41.5%

You're not logged in!

Compare scores with friends on all Sporcle quizzes.
Join for Free
OR
Log In

You Might Also Like...

Show Comments

Extras

Top Quizzes Today


Score Distribution

Your Account Isn't Verified!

In order to create a playlist on Sporcle, you need to verify the email address you used during registration. Go to your Sporcle Settings to finish the process.

Report this User

Report this user for behavior that violates our Community Guidelines.

Details: